00426nam a22001217a 4500003000500000005001700005082001600022100003900038245007100077942001200148999001900160952012500179NUST20260219105401.0 a297.122,BUL aBalgrami, Syed Hamid Hasan9133329 aFuyooz ul Quran فیوض القران /cSyed Hamid Hasan Balgrami 2ddccBK c616309d616309 00102ddc4070aMCSbMCScGENd2026-02-19l1o297.122,BULpMCS34300q2026-06-19r2026-02-19s2026-02-19w2026-02-19yBK